[Event "CZE-tht Extraliga 2018-19"]
[Site "Czech Republic"]
[Date "2018.12.02"]
[Round "4"]
[White "Talla, Vladimir"]
[Black "Cerveny, Martin"]
[Result "1/2-1/2"]
[WhiteElo "2400"]
[BlackElo "2347"]
[Annotator "TA"]
[PlyCount "85"]
[EventDate "2018.11.03"]
[EventType "team-tourn"]
[EventCountry "CZE"]
[SourceTitle "playchess.com"]
[Source "ChessBase"]
[SourceQuality "1"]
[WhiteTeam "Ostrava"]
[BlackTeam "Duras"]

{[%evp 35,85,24,20,20,9,14,19,0,0,0,16,18,20,18,27,17,19,20,27,14,58,56,41,40,40,27,66,66,66,66,84,62,81,0,93,81,128,95,102,28,28,35,58,0,0,0,0,0,0,0,0,0]} 1. d4 d5 2. c4 c6 3. Nf3 Nf6 4. Nc3 dxc4 5. a4 Bf5 6. Ne5 e6 7. f3 Bb4 8. e4 Bxe4 9. fxe4 Nxe4 10. Bd2 Qxd4 11. Nxe4 Qxe4+ 12. Qe2 Bxd2+ 13. Kxd2 Qd5+ 14. Kc2 Na6 15. Nxc4 O-O 16. Qe5 Rab8 17. Be2 {D17: Slav Defence: 5 a4 Bf5: Lines with 6 Nh4 and 6 Ne5} (17. a5 f6 18. Qxd5 cxd5 19. Ne3 Rfc8+ 20. Kb1 Nc5 21. Ra3 b5 22. axb6 Rxb6 23. Rxa7 Nb3 24. Bd3 Nd2+ {½-½ (54) Jakovenko,D (2730)-Harikrishna,P (2672) Bursa 2010}) 17... f6 18. Qxd5 cxd5 {LiveBook: 10 Games} 19. Nd2 Rfc8+ 20. Kb3 Kf7 $146 ({Predecessor:} 20... Nc5+ 21. Ka3 Kf7 22. b4 Nd7 23. Rac1 f5 24. Nb3 Ke7 {1-0 (43) Pogorelov,R (2445)-Cheparinov,I (2189) Mondariz 2000}) 21. Rac1 Nc5+ 22. Ka3 f5 23. Rc3 {[#] Threatens to win with Rhc1.} Ne4 24. Nxe4 fxe4 25. Rhc1 Rxc3+ 26. bxc3 $11 {[%mdl 4096] Endgame KRB-KR} Ke7 27. Rf1 a5 28. Kb3 Rc8 29. Bh5 g6 30. Be2 b6 31. Bb5 Rc7 32. h4 {[%cal Bh2h4,Bh4h5][%mdl 32]} h6 33. Kb2 Rc8 34. Kb3 (34. Ba6 $16 Ra8 35. Bb5) 34... g5 (34... Rc7 $11 {keeps the balance.}) 35. h5 $16 e5 36. Re1 Rf8 {[#]} 37. c4 (37. Rd1 $1 $16) 37... d4 $11 {And now ...e3 would win.} 38. Rxe4 Kd6 $1 39. g4 ({Better is} 39. Ba6 $1 $14) 39... Rf2 {The position is equal.} 40. Ba6 Rg2 41. Bb7 {Strongly threatening Rxd4+!} Rg3+ 42. Kb2 Rg2+ 43. Kb3 {Accuracy: White = 65%, Black = 49%.} 1/2-1/2

[Event "CZE-tht Extraliga 2018-19"]
[Site "Czech Republic"]
[Date "2018.12.02"]
[Round "4"]
[White "Bures, Jaroslav"]
[Black "Vojta, Tomas"]
[Result "1-0"]
[WhiteElo "2388"]
[BlackElo "2350"]
[Annotator "TA"]
[PlyCount "71"]
[EventDate "2018.11.03"]
[EventType "team-tourn"]
[EventCountry "CZE"]
[SourceTitle "playchess.com"]
[Source "ChessBase"]
[SourceQuality "1"]
[WhiteTeam "Poruba"]
[BlackTeam "Brno"]

{[%evp 14,71,60,50,90,79,133,118,123,112,254,262,232,197,311,312,330,320,313,250,252,249,250,185,184,182,177,184,164,150,155,0,0,4,47,0,103,117,124,94,201,202,227,233,325,329,360,306,396,394,612,591,1217,1123,1970,1804,29994,29995,29996,29997]} 1. e4 d5 2. exd5 Qxd5 3. Nc3 Qd6 4. d4 Nf6 5. Nf3 Bg4 {[%cal Bc8g4,Bg4h5,Bh5g6][%mdl 32]} 6. h3 Bh5 {B01: Scandinavian Defence} 7. g4 Bg6 8. Bg2 {LiveBook: 4 Games} (8. Ne5 Nbd7 9. Nxg6 hxg6 10. Bg2 c6 11. Qd3 e6 12. Bd2 Nb6 13. O-O-O Nbd5 14. Ne2 {1-0 (39) Bologan,V (2640)-Kovalenko,I (2684) Tallinn 2016}) 8... Nc6 {White is slightly better.} 9. O-O $1 O-O-O {[#]} ({Black should try} 9... e6) 10. Nb5 $146 {[%cal Rb5d6]} ({Predecessor:} 10. Be3 e6 11. Qe2 Nb4 12. Ne5 c6 13. a3 Nbd5 14. g5 {1-0 (27) Murzin,V (2270)-Pryalukhin,D (2031) St Petersburg 2017}) 10... Qd7 11. Bf4 Nd5 (11... h5 $16) 12. Bg3 $18 a6 13. a4 e5 (13... e6 {is a better defense.} 14. c4 Ndb4) 14. Nxe5 Nxe5 15. dxe5 Bc5 (15... axb5 16. axb5 Nb6 17. Qf3) 16. Nd6+ cxd6 17. Qxd5 Qc7 18. e6 fxe6 19. Qxe6+ Kb8 20. c3 Rhe8 21. Qb3 Re2 {[#]} 22. Bd5 $2 (22. Rae1 $1 $16 {[%cal Re1e2]} Rd2 23. Bf4) 22... Rf8 $11 23. a5 Ka7 24. Ra4 Qe7 (24... Bc2 $11 25. Qc4 Rd2) 25. Rb4 $36 {[%cal Rb4b7][%mdl 2048] White is on the roll.} Rb8 26. Rf4 Qc7 (26... h5 $16 {keeps fighting.}) 27. Qa2 Rbe8 28. Qa1 Ka8 29. b4 Ba7 30. c4 Rd2 31. Re1 {Threatens to win with Rxe8+.} Rd8 (31... Rb8 $142 32. b5 axb5) 32. Bh4 $18 Rc8 33. Re7 {[%mdl 64] Double Attack} Qd8 34. Rxb7 Qxh4 {[#]} 35. Rxa7+ $1 {[%mdl 512]} Kxa7 36. Qxg7+ {Accuracy: White = 78%, Black = 31%.} 1-0

[Event "CZE-tht Extraliga 2018-19"]
[Site "Czech Republic"]
[Date "2018.12.02"]
[Round "4"]
[White "Straka, Vojtech"]
[Black "Cyborowski, Lukasz"]
[Result "0-1"]
[WhiteElo "2387"]
[BlackElo "2524"]
[Annotator "TA"]
[PlyCount "138"]
[EventDate "2018.11.03"]
[EventType "team-tourn"]
[EventCountry "CZE"]
[SourceTitle "playchess.com"]
[Source "ChessBase"]
[SourceQuality "1"]
[WhiteTeam "Cesky Tesin"]
[BlackTeam "Turnov"]

{[%evp 19,138,31,34,20,30,16,35,12,29,0,0,-28,0,-7,-4,-35,-32,-25,-33,-25,-31,-35,-43,-45,-37,-37,0,-17,-2,-1,0,0,-2,-20,0,-11,-18,-49,-31,-49,-20,-81,-79,-65,-65,-83,-48,-78,-70,-78,-76,-64,-64,-64,-64,-72,-72,-72,-72,-79,-72,-79,-79,-103,-72,-72,-72,-81,-81,-104,-104,-104,-104,-104,-104,-131,-131,-131,-130,-135,-135,-135,-17,-135,-131,-131,-131,-131,-131,-131,-131,-591,-564,-648,-624,-560,-510,-1593,-1585,-1389,-922,-1997,-1680,-1999,-1880,-4731,-4714,-2319,-1662,-4594,-4554,-29960,-29961,-29970,-29971,-29971,-29972,-29972,-29973,-29969,-29969]} 1. c4 e6 2. Nc3 Nf6 3. Nf3 d5 4. d4 dxc4 5. e4 b5 6. e5 {D24: Queen's Gambit Accepted: 3 Nf3 Nf6 4 Nc3} Nd5 7. Nxb5 Nb6 8. Be2 Be7 9. O-O O-O 10. Be3 Nc6 {LiveBook: 21 Games} 11. Qd2 Rb8 12. Nc3 $146 ({Predecessor:} 12. Rfd1 Bb7 13. b3 {0-1 (55) Wojtaszek,R (2750)-Duda,J (2724) Warsaw 2018}) 12... Bb7 13. Rfd1 Nb4 14. Rac1 Qd7 15. Bg5 Rfd8 (15... Bxf3 {feels hotter.} 16. gxf3 Bxg5 17. Qxg5 f6 18. Qg4 Qf7) 16. Bxe7 Qxe7 17. a3 (17. Qe3 {is more complex.} N6d5 18. Nxd5 Nxd5 19. Qd2 Nb4 20. Rxc4 Bd5 21. Rc5) 17... Bxf3 18. axb4 ({Much worse is} 18. gxf3 Nc6 $19) 18... Bxe2 19. Nxe2 Nd7 20. Rxc4 Nxe5 $1 21. Rc5 Ng6 22. Rdc1 Rd7 (22... c6 $5) 23. Qc3 Rb7 24. b5 Qd8 25. g3 h6 26. Qa5 Qb8 27. R1c4 Ne7 28. Kg2 Nf5 29. Ra4 Rd6 30. Rac4 (30. Qc3 $11) 30... Rdb6 $1 $17 31. Nc3 Nd6 32. Ra4 Nxb5 (32... a6 {keeps more tension.} 33. Ra1 axb5 34. Qa8 c6 35. Ne2 Nf5) 33. Nxb5 Rxb5 34. Rxb5 Rxb5 35. Qxa7 Rxb2 36. Qa8 Qxa8+ 37. Rxa8+ $15 {[%mdl 4096] Endgame KR-KR} Kh7 38. Rc8 Rc2 39. Kf3 Kg6 40. h3 h5 41. Ke3 Kf5 42. Rh8 g6 43. Rf8 Kf6 44. Rc8 {[#]} h4 $1 {[%mdl 512]} 45. gxh4 Rc3+ 46. Kf4 Rxh3 47. Rxc7 Rxh4+ 48. Ke3 g5 49. f3 Rh2 50. Rc6 Rh3 (50... Kg7 $17 51. d5 exd5) 51. Kf2 (51. d5 $1 $11) 51... Kf5 $17 {And now ...Kf4 would win.} 52. Rc7 f6 {[%cal Bf7f6,Bf6f5,Bf5f4][%mdl 32] Hoping for ...Kf4.} 53. Rf7 Rh2+ 54. Ke3 Ra2 55. Rf8 $2 {[%mdl 8192]} (55. Kd3 $17 {was the crucial defense.}) 55... Kg6 $1 $19 56. Rg8+ {[#]} Kf7 $1 {[%cal Rf7g8]} 57. Rb8 {[#]} f5 $1 58. Rb3 (58. d5 $142 exd5 59. Rb3) 58... f4+ 59. Kd3 Kf6 60. Rc3 Rf2 61. Kc4 Re2 62. Rc1 Re3 63. Rf1 Kf5 64. d5 exd5+ 65. Kxd5 g4 {Black mates.} 66. fxg4+ Kxg4 67. Kd4 Re8 68. Kd3 f3 69. Kd2 Kg3 {Accuracy: White = 32%, Black = 73%.} 0-1

[Event "CZE-tht Extraliga 2018-19"]
[Site "Czech Republic"]
[Date "2018.12.02"]
[Round "4"]
[White "Jasny, Stanislav"]
[Black "Votava, Jan"]
[Result "1/2-1/2"]
[WhiteElo "2371"]
[BlackElo "2531"]
[Annotator "TA"]
[PlyCount "138"]
[EventDate "2018.11.03"]
[EventType "team-tourn"]
[EventCountry "CZE"]
[SourceTitle "playchess.com"]
[Source "ChessBase"]
[SourceQuality "1"]
[WhiteTeam "Beskydska"]
[BlackTeam "Pardubice"]

{[%evp 33,138,34,38,18,27,12,7,10,16,6,24,33,22,22,38,32,38,38,51,0,54,37,35,41,46,38,66,47,41,37,37,27,39,4,115,107,146,127,127,101,124,120,130,128,162,77,85,92,77,77,88,87,86,77,77,77,77,77,77,75,83,61,83,0,86,0,68,42,41,42,43,42,37,41,58,58,62,62,62,62,62,62,69,58,58,58,67,52,54,60,54,23,23,22,29,8,17,17,17,8,17,8,17,8,8,8,8]} 1. e4 e5 2. Nf3 Nc6 3. Bb5 a6 4. Ba4 Nf6 5. O-O Be7 6. Re1 b5 7. Bb3 d6 8. c3 O-O 9. h3 Nb8 10. d4 Nbd7 11. Nbd2 Bb7 12. Bc2 Re8 13. Nf1 Bf8 14. Ng3 g6 15. a4 c6 {C95: Closed Ruy Lopez: Breyer Variation with 10 d4} 16. Bg5 Bg7 17. Bd3 Qc7 {[#] LiveBook: 37 Games. White is slightly better.} 18. dxe5 $146 ({Predecessor:} 18. Qd2 Nf8 19. Bh6 Ne6 20. Bxg7 Kxg7 21. Bf1 Rad8 22. b4 Nd7 23. axb5 axb5 {½-½ (38) Dominguez Perez,L (2732)-Adams,M (2742) Baku 2015}) 18... dxe5 19. b4 Nf8 20. Qb3 Ne6 21. Be3 Bf8 22. Ng5 Nxg5 23. Bxg5 Nd7 24. Nf1 bxa4 25. Rxa4 c5 26. Nd2 (26. Ne3 $14) 26... Nb6 (26... Reb8 $11) 27. Ra5 Rec8 {White must now prevent ...c4.} 28. Bf1 $36 {[%mdl 2048] Black is under pressure.} cxb4 29. cxb4 Qc2 {Strongly threatening ...Qxb3.} 30. Qxc2 Rxc2 31. Rb1 $1 {And now b5 would win.} Nd7 32. Be3 Kg7 33. f3 Be7 (33... Rac8 $11 {remains equal.}) 34. Nc4 $16 f6 35. Ra3 {Threatens to win with Rd1.} Rc8 36. Na5 Ba8 37. Bxa6 Rb8 {[#]} 38. Rab3 $1 Ra2 {[#]} 39. Bf1 (39. Bc4 $1 $18) 39... Rxb4 40. Rxb4 Bxb4 41. Rxb4 Rxa5 42. Rc4 Rb5 43. Ra4 Rb8 44. Ra7 Bc6 45. Rc7 Ba4 46. Bc4 {Hoping for Ra7.} Kf8 47. Ra7 Bc6 48. Rc7 Ba4 49. Ra7 (49. Bd5 {looks sharper.} Ke8 50. Ra7 Bb3 51. Bb7 Be6 52. h4) 49... Bc6 50. Bd5 (50. Kh2 {keeps more tension.} Rb7 51. Ra8+ Rb8 52. Ra3 Rb2 53. Ra6) 50... Bxd5 51. Rxd7 $14 {[%mdl 4096] Endgame KRB-KRB} Bf7 52. Bh6+ Ke8 53. Ra7 f5 54. Ra5 fxe4 55. Rxe5+ Kd7 56. Rxe4 Rb5 57. h4 Bd5 58. Re2 Rb4 59. Bg5 h6 60. Bxh6 Rxh4 61. Bg5 Rh5 62. f4 (62. Bf6 {feels hotter.} Rf5 63. Be5 Rf8 64. Bd4 Kd6 65. Be3) 62... Rh8 63. Kf2 Ra8 64. g4 Ra2 {The position is equal.} 65. Rxa2 Bxa2 66. Ke3 Ke6 67. Kf3 Bb1 68. Kg3 Bc2 69. Kh4 Bb1 {Precision: White = 47%, Black = 61%.} 1/2-1/2

[Event "CZE-tht Extraliga 2018-19"]
[Site "Czech Republic"]
[Date "2018.12.02"]
[Round "4"]
[White "Konopka, Michal"]
[Black "Nguyen, Thai Dai Van"]
[Result "1/2-1/2"]
[WhiteElo "2367"]
[BlackElo "2556"]
[Annotator "TA"]
[PlyCount "41"]
[EventDate "2018.11.03"]
[EventType "team-tourn"]
[EventCountry "CZE"]
[SourceTitle "playchess.com"]
[Source "ChessBase"]
[SourceQuality "1"]
[WhiteTeam "Siesta Solution Unichess B"]
[BlackTeam "Siesta Solution Unichess A"]

{[%evp 18,41,10,1,46,13,9,10,17,7,33,32,35,6,39,39,31,28,47,2,2,4,15,6,5,6]} 1. d4 Nf6 2. Nf3 e6 {[%cal Be7e6,Be6e5][%mdl 32]} 3. g3 c5 4. Bg2 cxd4 5. O-O d5 6. Nxd4 e5 7. Nb3 Be6 8. c4 {D02: 1 d4 d5 2 Nf3 sidelines, including 2...Nf6 3 g3 and 2...Nf6 3 Bf4} (8. Bg5 Nbd7 9. e4 dxe4 10. Bxe4 Qc7 11. Bg2 Be7 12. Nc3 O-O 13. Re1 Rad8 14. Qe2 h6 15. Bxf6 Bxf6 {½-½ (107) Caruana,F (2802)-Nakamura,H (2786) chess.com INT 2017}) 8... Nc6 9. cxd5 Nxd5 {[%cal Bf6d5,Bd5b4,Bb4c2,Bc2d4,Bd4b3][%mdl 32]} 10. N1d2 {LiveBook: 13 Games} Ndb4 11. Ne4 (11. a3 $5 {[%cal Ra3b4]} Na6 12. Bxc6+ bxc6 13. Qc2 $11) 11... Qxd1 12. Rxd1 Nc2 $146 {[#] Threatens to win with ...Bxb3.} ({Predecessor:} 12... Nxa2 13. Nbc5 Nxc1 14. Raxc1 Bxc5 15. Nxc5 Bc8 16. Nxb7 Bxb7 17. Bxc6+ Bxc6 18. Rxc6 O-O 19. Rd5 f6 20. Rd7 Rf7 21. Rcc7 {½-½ (21) Appel,R (2529)-Nyback,T (2627) Germany 2011}) 13. Rb1 Bxb3 (13... Be7 {is interesting.} 14. Rd2 N2b4 15. Nec5 Bf5 16. e4 Bg4) 14. axb3 N2d4 15. Kf1 (15. e3 $5 {[%cal Re3d4]} Nxb3 16. Rd3 Nxc1 17. Rxc1 $14) 15... Nxb3 (15... f5 $5 {[%cal Rf5e4]} 16. Nc3 O-O-O $11) 16. Be3 Be7 17. Nd6+ Bxd6 $1 18. Bxc6+ bxc6 {The position is equal.} 19. Rxd6 c5 20. Rd5 f6 21. Bxc5 1/2-1/2

[Event "CZE-tht Extraliga 2018-19"]
[Site "Czech Republic"]
[Date "2018.12.02"]
[Round "4"]
[White "Vymazal, Bronislav"]
[Black "Kufa, Pavel"]
[Result "1-0"]
[WhiteElo "2358"]
[BlackElo "2157"]
[Annotator "TA"]
[PlyCount "69"]
[EventDate "2018.11.03"]
[EventType "team-tourn"]
[EventCountry "CZE"]
[SourceTitle "playchess.com"]
[Source "ChessBase"]
[SourceQuality "1"]
[WhiteTeam "Brno"]
[BlackTeam "Poruba"]

{[%evp 9,69,2,27,0,0,0,5,0,2,0,11,0,13,0,16,2,48,41,41,45,52,50,50,49,41,50,45,29,29,29,71,68,85,72,61,60,109,118,161,168,159,162,179,181,178,166,200,196,225,225,225,222,225,223,221,191,194,184,217,216,394,318]} 1. d4 Nf6 2. Bf4 d5 3. e3 e6 4. Nf3 Bd6 5. Bg3 Ne4 {LiveBook: 35 Games} (5... O-O 6. Nbd2 b6 7. c3 Ba6 8. Bxa6 Nxa6 9. Ne5 Nb8 10. f4 c5 11. Bh4 Be7 12. O-O Nfd7 13. Bxe7 Qxe7 14. Rf3 Nxe5 15. fxe5 {1-0 (29) Aronian,L (2767)-Giri,A (2782) chess.com INT 2018}) 6. Bh4 {D02: 1 d4 d5 2 Nf3 sidelines, including 2...Nf6 3 g3 and 2...Nf6 3 Bf4} Be7 7. Bxe7 Qxe7 8. Nbd2 {The position is equal.} Nxd2 9. Qxd2 Nd7 $146 ({Predecessor:} 9... c5 10. c4 dxc4 11. Bxc4 O-O 12. O-O cxd4 13. Nxd4 {1-0 (52) Plakidine,A (1871)-Hennig,A (1793) Bayern 2003}) 10. c4 c6 11. Be2 O-O 12. O-O e5 13. Nxe5 Nxe5 14. dxe5 Qxe5 15. cxd5 cxd5 16. Rfd1 Be6 17. Bf3 {[%cal Rf3d5]} Rfd8 18. Qd4 (18. b3 {is interesting.} Rac8 19. Qa5 Qb8 20. Rac1 Rxc1 21. Rxc1 b6 22. Qa4) 18... Qxd4 19. Rxd4 Rd7 20. Rc1 Kf8 21. Kf1 Rad8 22. Bd1 Ke7 23. Ba4 Rd6 {[#]} 24. Rc7+ $1 Kf6 25. Rxb7 Rb6 26. Rxb6 ({Don't do} 26. Rxa7 $6 Rxb2 27. Bb3 Rc8 $16) 26... axb6 $18 {[%mdl 4096] Endgame KRB-KRB} 27. Ke2 Ra8 28. a3 Ra5 29. Rb4 Ke7 30. Bd1 b5 31. Kd3 Kd6 32. Kd4 Bd7 33. Be2 Bc6 34. Kc3 Kc5 $2 {[#]} (34... g5 35. f4 h6 36. fxg5 hxg5) 35. Rh4 {Accuracy: White = 57%, Black = 39%.} 1-0

[Event "CZE-tht Extraliga 2018-19"]
[Site "Czech Republic"]
[Date "2018.12.02"]
[Round "4"]
[White "Mrazek, Lumir"]
[Black "Vlasak, Lukas"]
[Result "1/2-1/2"]
[WhiteElo "2347"]
[BlackElo "2401"]
[Annotator "TA"]
[PlyCount "63"]
[EventDate "2018.11.03"]
[EventType "team-tourn"]
[EventCountry "CZE"]
[SourceTitle "playchess.com"]
[Source "ChessBase"]
[SourceQuality "1"]
[WhiteTeam "Cesky Tesin"]
[BlackTeam "Turnov"]

{[%evp 9,63,22,25,16,7,18,22,9,27,14,33,26,43,33,15,22,15,14,24,-6,-6,-9,-5,-6,-3,-6,-6,-16,-13,-8,-19,-20,0,-25,-21,-12,0,-18,32,39,40,32,44,0,0,0,0,0,0,0,0,0,0,0,0,0]} 1. e4 c6 2. d4 d5 3. f3 Qb6 4. c3 (4. Nc3 dxe4 5. Nxe4 Bf5 6. c3 Nd7 7. Bd3 Bg6 8. Ne2 Ngf6 9. Qb3 O-O-O 10. Bg5 Nxe4 11. Bxe4 Bxe4 12. fxe4 {½-½ (30) Ivanchuk,V (2738)-Navara,D (2737) Prague 2017}) 4... e6 5. Bd3 c5 6. exd5 $146 {B12: Caro-Kann: Advance Variation} ({Predecessor:} 6. Ne2 Nc6 7. Na3 Nf6 8. exd5 Nxd5 9. Nc4 Qc7 10. Ne3 Nf6 11. O-O {0-1 (59) Hoolt,S (2332)-Saltaev,M (2476) Germany 2015}) 6... exd5 7. Ne2 Nc6 8. O-O Bd6 9. dxc5 Bxc5+ 10. Kh1 Nge7 11. Nd2 O-O 12. Qc2 h6 13. f4 Re8 14. Ng3 Bf2 15. Nf3 Bxg3 $1 16. hxg3 d4 17. Bd2 Nd5 18. Bh7+ Kh8 19. Be4 Nf6 20. Bxc6 bxc6 21. Ne5 Be6 22. cxd4 Bd5 23. Bc3 Qa6 24. Rfe1 Kg8 25. a3 Qc8 26. Re3 Ng4 {The position is equal.} 27. Nxg4 Qxg4 28. Rae1 Qd7 29. Kh2 Rxe3 30. Rxe3 Re8 31. Qe2 Rxe3 32. Qxe3 {Accuracy: White = 44%, Black = 64%.} 1/2-1/2

[Event "CZE-tht Extraliga 2018-19"]
[Site "Czech Republic"]
[Date "2018.12.02"]
[Round "4"]
[White "Simek, Petr"]
[Black "Splichal, Petr"]
[Result "1/2-1/2"]
[WhiteElo "2338"]
[BlackElo "1925"]
[Annotator "NA RC"]
[PlyCount "82"]
[EventDate "2018.11.03"]
[EventType "team-tourn"]
[EventCountry "CZE"]
[SourceTitle "playchess.com"]
[Source "ChessBase"]
[SourceQuality "1"]
[WhiteTeam "Siesta Solution Unichess A"]
[BlackTeam "Siesta Solution Unichess B"]
[TimeControl "40/5400+30:1800+30"]

1. d4 {[%emt 0:00:00]} Nf6 {[%emt 0:00:00]} 2. c4 {[%emt 0:00:00]} g6 {[%emt 0:00:13]} 3. g3 {[%emt 0:00:05]} Bg7 {[%emt 0:00:16]} 4. Bg2 {[%emt 0:00:06]} d6 {[%emt 0:00:26]} 5. Nc3 {[%emt 0:00:32]} O-O {[%emt 0:00:46]} 6. Nf3 {[%emt 0:00:04]} Nc6 {[%emt 0:02:04]} 7. O-O {[%emt 0:00:11]} a6 {[%emt 0:00:36]} 8. Re1 {[%emt 0:01:17]} e5 {[%emt 0:06:41]} 9. d5 {[%emt 0:04:49]} Na5 {[%emt 0:05:41]} 10. Nd2 {[%emt 0:06:33]} b6 {[%emt 0:02:44]} 11. b4 {[%emt 0:08:45]} Nb7 {[%emt 0:00:29]} 12. Nb3 {[%emt 0:00:06]} a5 {[%emt 0:06:58]} 13. a3 {[%emt 0:01:07]} Bd7 {[%emt 0:06:53]} 14. e4 {[%emt 0:02:49]} Qc8 {[%emt 0:05:54]} 15. f3 {[%emt 0:07:22]} Nh5 {[%emt 0:06:10]} 16. Be3 {[%emt 0:01:05]} f5 {[%emt 0:08:10]} 17. Bf2 {[%emt 0:00:42]} Nf6 {[%emt 0:07:49]} 18. c5 {[%emt 0:02:27]} axb4 {[%emt 0:08:32]} 19. axb4 {[%emt 0:00:28]} Rxa1 {[%emt 0:00:07]} 20. Qxa1 {[%emt 0:00:35]} bxc5 {[%emt 0:00:25]} 21. bxc5 {[%emt 0:00:12]} Nxc5 {[%emt 0:01:17]} 22. Nxc5 {[%emt 0:05:14]} dxc5 {[%emt 0:00:18]} 23. Bxc5 {[%emt 0:00:05]} Re8 {[%emt 0:01:30]} 24. Qa7 {[%emt 0:01:25]} Bf8 {[%emt 0:02:47]} 25. Rc1 {[%emt 0:01:45]} Qb8 {[%emt 0:03:11]} 26. Qa3 {[%emt 0:00:16]} Bh6 {[%emt 0:01:58]} 27. Rb1 {[%emt 0:02:04]} Qc8 {[%emt 0:01:31]} 28. Qa7 {[%emt 0:02:18]} fxe4 {[%emt 0:03:31]} 29. fxe4 {[%emt 0:00:35]} c6 {[%emt 0:05:30]} 30. d6 {[%emt 0:01:48]} Qa8 {[%emt 0:02:15]} 31. Rb7 {[%emt 0:04:58]} Qxa7 {[%emt 0:00:36]} 32. Rxa7 {[%emt 0:00:37]} Rb8 {[%emt 0:01:50]} 33. h3 {[%emt 0:03:20]} Rb3 {[%emt 0:02:27]} 34. Ne2 {[%emt 0:04:33]} Rb5 {[%emt 0:01:21]} 35. Bf2 {[%emt 0:00:25]} Rb1+ {[%emt 0:00:25]} 36. Kh2 {[%emt 0:00:07]} Rb2 {[%emt 0:00:35]} 37. Bf3 {[%emt 0:00:17]} Kf8 {[%emt 0:04:02]} 38. Kg2 {[%emt 0:01:50]} Ke8 {[%emt 0:00:27]} 39. Ra5 {[%emt 0:00:42]} Rb5 {[%emt 0:01:05]} 40. Ra7 {[%emt 0:12:47]} Rb2 {[%emt 0:00:34]} 41. Ra5 {[%emt 0:40:15]} Rb5 {[%emt 0:31:01]} 1/2-1/2

[Event "CZE-tht Extraliga 2018-19"]
[Site "Czech Republic"]
[Date "2018.12.02"]
[Round "4"]
[White "Sosna, Jan"]
[Black "Pisk, Petr"]
[Result "1/2-1/2"]
[WhiteElo "2338"]
[BlackElo "2332"]
[Annotator "NA RC"]
[PlyCount "125"]
[EventDate "2018.11.03"]
[EventType "team-tourn"]
[EventCountry "CZE"]
[SourceTitle "playchess.com"]
[Source "ChessBase"]
[SourceQuality "1"]
[WhiteTeam "Poruba"]
[BlackTeam "Brno"]
[TimeControl "40/5400+30:1800+30"]

1. d4 {[%emt 0:00:00]} Nf6 {[%emt 0:03:39]} 2. Nf3 {[%emt 0:00:00]} e6 {[%emt 0:01:19]} 3. Bg5 {[%emt 0:00:00]} c5 {[%emt 0:00:28]} 4. e3 {[%emt 0:00:14]} h6 {[%emt 0:01:55]} 5. Bh4 b6 {[%emt 0:02:21]} 6. Nbd2 {[%emt 0:02:45]} Be7 {[%emt 0:05:16]} 7. c3 {[%emt 0:00:36]} cxd4 {[%emt 0:03:58]} 8. exd4 {[%emt 0:02:49]} O-O {[%emt 0:04:20]} 9. a4 {[%emt 0:00:44]} Ba6 {[%emt 0:06:27]} 10. Bb5 {[%emt 0:00:52]} Bb7 {[%emt 0:13:28]} 11. O-O {[%emt 0:01:21]} Nc6 {[%emt 0:04:05]} 12. Re1 {[%emt 0:02:35]} a6 {[%emt 0:04:48]} 13. Bd3 {[%emt 0:01:01]} Nd5 {[%emt 0:00:17]} 14. Bg3 {[%emt 0:02:59]} f5 {[%emt 0:01:33]} 15. h3 {[%emt 0:03:34]} Rf7 {[%emt 0:18:46]} 16. Nc4 {[%emt 0:05:41]} f4 {[%emt 0:05:56]} 17. Bh2 {[%emt 0:01:02]} Rf6 {[%emt 0:02:43]} 18. Be4 {[%emt 0:20:23]} Qc7 {[%emt 0:08:08]} 19. Nfe5 {[%emt 0:32:58]} Nxe5 {[%emt 0:01:50]} 20. Nxe5 {[%emt 0:00:30]} Bd6 {[%emt 0:00:30]} 21. Qf3 {[%emt 0:06:21]} Bxe5 {[%emt 0:02:08]} 22. dxe5 {[%emt 0:00:16]} Rf7 {[%emt 0:04:31]} 23. Qg4 {[%emt 0:01:12]} Ne7 {[%emt 0:02:29]} 24. Bxf4 {[%emt 0:02:21]} Bxe4 25. Rxe4 {[%emt 0:00:09]} Nf5 {[%emt 0:00:48]} 26. Qe2 {[%emt 0:03:01]} Qb7 {[%emt 0:00:42]} 27. Rb4 {[%emt 0:03:38]} Raf8 {[%emt 0:00:26]} 28. Qe4 {[%emt 0:00:24]} Qc7 {[%emt 0:00:34]} 29. Rc4 {[%emt 0:01:04]} Qb8 {[%emt 0:00:25]} 30. Rd1 {[%emt 0:02:19]} Ne7 {[%emt 0:00:33]} 31. Bg3 {[%emt 0:01:51]} Nf5 {[%emt 0:00:02]} 32. Bh2 {[%emt 0:00:47]} Ne7 {[%emt 0:00:05]} 33. Bg3 {[%emt 0:00:35]} Nf5 {[%emt 0:00:01]} 34. Bh2 {[%emt 0:00:07]} Ne7 {[%emt 0:00:19]} 35. Rd2 {[%emt 0:00:36]} b5 {[%emt 0:00:34]} 36. axb5 {[%emt 0:00:13]} axb5 {[%emt 0:00:06]} 37. Rcd4 {[%emt 0:00:49]} Qb6 {[%emt 0:00:14]} 38. Qe1 {[%emt 0:01:26]} Nd5 {[%emt 0:02:01]} 39. Bg3 {[%emt 0:00:29]} Qc5 {[%emt 0:01:01]} 40. Kh2 {[%emt 0:01:28]} Qc6 {[%emt 0:00:38]} 41. Qe4 {[%emt 0:06:15]} Qa6 {[%emt 0:02:30]} 42. Qd3 {[%emt 0:01:50]} Rc8 {[%emt 0:03:20]} 43. Qg6 {[%emt 0:10:48]} Qa1 {[%emt 0:14:02]} 44. Rg4 {[%emt 0:02:39]} Qc1 45. Qc2 {[%emt 0:04:53]} Qxc2 {[%emt 0:07:52]} 46. Rxc2 {[%emt 0:00:05]} Rff8 {[%emt 0:00:04]} 47. Re4 {[%emt 0:00:51]} Rc4 {[%emt 0:00:41]} 48. Rxc4 {[%emt 0:02:15]} bxc4 49. Rd2 {[%emt 0:00:31]} Rb8 {[%emt 0:03:33]} 50. f3 {[%emt 0:00:10]} Kf8 {[%emt 0:01:45]} 51. Bf2 {[%emt 0:00:13]} Rb5 {[%emt 0:01:13]} 52. g3 {[%emt 0:01:53]} Ke8 {[%emt 0:00:39]} 53. Kg2 {[%emt 0:00:54]} Kd8 {[%emt 0:00:48]} 54. f4 {[%emt 0:00:35]} Ra5 {[%emt 0:00:29]} 55. Kf3 {[%emt 0:01:10]} Ra2 {[%emt 0:00:07]} 56. Re2 {[%emt 0:00:15]} Kc7 {[%emt 0:00:54]} 57. Bc5 {[%emt 0:00:13]} g6 {[%emt 0:00:31]} 58. g4 {[%emt 0:01:49]} Kc6 {[%emt 0:00:10]} 59. Bf8 {[%emt 0:00:37]} h5 {[%emt 0:00:36]} 60. gxh5 {[%emt 0:01:04]} gxh5 {[%emt 0:00:02]} 61. Rg2 {[%emt 0:00:40]} Kb5 {[%emt 0:00:44]} 62. Re2 {[%emt 0:01:25]} Ka4 63. Ba3 1/2-1/2